000
00238nam a2200109 4500
082
_a
GIB
100
_a
Gibson, James
245
_a
Semi Conductor Electronics
260
_a
New York:
_b
Mcgraw-Hill,
_c
1966.
300
_a
837p. ;
942
_c
BK
999
_c
12943
_d
12943